General Homestuck Knowledge - Statistics

General Stats
  • This quiz has been taken 158 times
  • The average score is 5 of 15
Answer Stats
Hint Answer % Correct
What letters does Sollux change in his typing quirk pre-tooth-loss? I and S
76%
How many Post-Scratch trolls were in existing relationships (any quadrant) right before Sgrub? (Type it, i.e. 'One'. Not counting dead relationships like SolluxXAradia.) Six
64%
What is Karkat's wriggling day? 612
62%
What song plays when Sburb loads? Sburban Jungle
49%
What are the symbols in Leprechaun romance called? Charms
40%
What is Jade Harley's birthday? December 1st
39%
What is the name of the glasses that John uses as a silly disguise? Beagle Puss
34%
Who has the FNCYSNTAKIND abstratus? Dirk
34%
What is the most used strife specibus? Riflekind
31%
Who did Hussie claim is the worst character? Cronus
26%
What is the name of Vriska's dice? Fluorite Octet
23%
What book does Dirk give to Jane for her birthday? Pony Pals
23%
What was the name of Neophyte Redglare's lusus? Pyralspite
22%
What was the possible silly name that could've been given to Jane at her introduction? (i.e. John Egbert=Zoosmell Pooplord.) Barnstench Fartface
4%
What is Feferi's lusus's name? Gl'bgloyb
4%
No matching quizzes found
Score Distribution
Percent of People with Each Score
Percentile by Number Answered
Your Score History
You have not taken this quiz